000
00283nam a22001097a 4500
008
160512b xxu||||| |||| 00| 0 eng d
020
_a
0314012397
041
_a
eng
080
_a
612.39
245
_a
Understanding nutrition:
_c
Elanor Noss Whitney; Sharon Rady Rolfes;
942
_2
udc
_c
BK
999
_c
2139
_d
2139